000 00307nam a22001337a 4500
008 171027b xxu||||| |||| 00| 0 eng d
020 _a9780134578965
041 _aeng
080 _a336
100 _a56
101 _aFIN
245 _aFREE MARKETS, FINANCE, ETHICS, AND LAW
_cBEAR, L.A
942 _2udc
_cBK
999 _c36134
_d36134